Analysis of longitudinal data
Guardat en:
| Autors principals: | , , |
|---|---|
| Format: | Llibre |
| Idioma: | anglès |
| Publicat: |
Oxford
Clarendon
1994
|
| Col·lecció: | Oxford Statistical Science Series, 13
|
| Matèries: | |
| Etiquetes: |
Afegir etiqueta
Sense etiquetes, Sigues el primer a etiquetar aquest registre!
|
MARC
| LEADER | 00000nam a2200000 a 4500 | ||
|---|---|---|---|
| 001 | UCZ2498 | ||
| 003 | CL-VaPUC | ||
| 008 | 951005e19940000UK |||||||||||||||||eng|d | ||
| 082 | 0 | 4 | |a 519.535 |b DIG |2 21 |
| 100 | 0 | |a Diggle, Peter J |e author |9 346257 | |
| 700 | 0 | |a Liang, Kung-Yee |e author |9 346258 | |
| 700 | 0 | |a Zeger, Scott L |e author |9 346259 | |
| 245 | 1 | 0 | |a Analysis of longitudinal data |
| 300 | |a 253 p | ||
| 942 | |c BK | ||
| 945 | |d 19951005 00:00:00 |a awong | ||
| 260 | |a Oxford |b Clarendon |c 1994 | ||
| 650 | 0 | |a Análisis multivariable |9 346260 | |
| 650 | 0 | |a Análisis por series temporales |9 340487 | |
| 650 | 0 | |a Análisis estadístico |9 269506 | |
| 650 | 0 | |a Bioestadística |9 261187 | |
| 583 | |a last modification |c 19951005 00:00:00 |k Rodrigo Vera | ||
| 490 | 0 | |a Oxford Statistical Science Series, 13 | |
| 999 | |c 239081 |d 239079 | ||
| 952 | |0 0 |1 0 |4 0 |6 519_535000000000000_DIG_1994 |7 0 |8 A |9 249901 |a BIBGIM |b BIBGIM |d 2019-11-18 |i 3140822 |o 519.535 DIG 1994 |p 3140822 |r 2025-01-15 |w 2019-11-18 |y BK |k EST | ||
| 952 | |0 0 |1 0 |4 0 |6 519_535000000000000_DIG_1994 |7 0 |8 A |9 249902 |a BIBGIM |b BIBGIM |d 2019-11-18 |i 3455580 |o 519.535 DIG 1994 |p 3455580 |r 2025-01-15 |w 2019-11-18 |y BK |k EST | ||
| 952 | |0 0 |1 0 |4 0 |6 519_535000000000000_DIG_1994 |7 0 |8 A |9 249903 |a BIBGIM |b BIBGIM |d 2019-11-18 |i 3576191 |o 519.535 DIG 1994 |p 3576191 |r 2025-01-15 |w 2019-11-18 |y BK |k EST | ||